00717nam a2200241 a 4500001001300000003000900013005001700022008004100039020002300080082001400103100001600117245003700133260005000170300000900220500003500229505001000264650002300274700001600297902000800313942000700321952013000328999001700458nice12345678IN_TiNIC20260116014032.0090811s2005 cama grp 000 0 eng  a0521428 c73000a190bPHE1 aPhelan, J W aPhilosophyb Themes and Thinkers aCambridge bCambridge University Press c2005 a346p aincludes index and biblioraphy2 aindex aPhilosophy-Western1 aPhelan, J W bSRS cBK 001040708StackRoom-aHMIbHMId2010-05-07g730.00l7m2o190 PHE1p022883r2019-09-19s2019-09-16v730.00w2009-08-11yBK c13599d13599